000 00488nam a22001937a 4500
003 MPLRDC
005 20220104114719.0
008 210129b ||||| |||| 00| 0 eng d
020 _a957-529-312-6
082 _a544.7 DTYN
100 _a岛田一男
245 _a两性微妙心理学
_c陈亮译
250 _a初版二刷
260 _a
_b世茂出版社
_c1993
300 _b
490 _a生活大学. 心理丛书. 108
650 _a两性关系
942 _cBK
_o544.7 DTYN
999 _c9647
_d9637